Responses for Show #6556 - Monday, March 4, 2013

Contestants

[<< previous game]

Erin Schmidt, a freelance writer and editor from Mishawaka, Indiana

Dylan Wint, a neurologist and psychiatrist from Las Vegas, Nevada

Sara Garnett, a graduate student of zoology originally from Okemos, Michigan (whose 3-day cash winnings total $75,403)

[next game >>]

Jeopardy! Round responses

CHESS? YES!
3-LETTER WORDS
EXILED
SHOPPING ABBREV.
CELEBRITIES LOVE TV
"V" ARE THE WORLD
    $200 21
a rook

Dylan
    $200 16
a doe

Dylan
    $200 11
Victor Hugo

Erin
    $200 26
J.C. Penney

Dylan
    $200 6
Mad Men

Dylan
    $200 1
Venezuela

Erin
    $400 22
Grandmaster

Dylan
    $400 17
gin

Sara
    $400 12
Dante

Erin
    $400 27
American Eagle

Sara
    $400 7
Downton Abbey

Erin
    $400 2
(Erin: What is Victoria?)

Vancouver

SaraErin
    $600 23
a bishop

Sara
    $600 18
"Columbia, Gem of the Ocean"

Triple Stumper
    $600 13
Roman Polanski

Dylan
    $600 28
Victoria's Secret

Sara
    $600 8
Parks & Recreation

Sara
    $600 3
Venice

Dylan
    $800 24
blitz

Sara
    $800 19
poi

Dylan
    $400 14
the Dalai Lama

Dylan
    $800 29
Ann Taylor

Dylan
    $800 9
(Dylan: Uh... what is...)

The Wire

SaraDylan
    $800 4
Vienna

Dylan
    $1000 25
Sicilian

Sara
    $1000 20
rad

Triple Stumper
    $1000 15
anarchy

Sara
    $1000 30
Bergdorf Goodman

Triple Stumper
    $1000 10
Justified

Dylan
    $1000 5
Vatican City

Sara

Scores at the first commercial break (after clue 15):

Sara Dylan Erin
$3,800 $2,800 $800

Scores at the end of the Jeopardy! Round:

Sara Dylan Erin
$7,600 $5,400 $800

Double Jeopardy! Round responses

PARDON THE ERUPTION
OLYMPIC FACT SHEET
AMERICAN ARCHITECTS
EDIBLE BEFORE & AFTER
GEOGRAPHIC TITLES
2 LETTERS, 1 WORD
(Alex: Let me give you an example. If the clue read, "This describes Alex's rodent-like eyes." The correct response would be, "What is beady?" [B.D.])
    $400 26
Iceland

Triple Stumper
    $400 11
the marathon

Dylan
    $400 6
the Capitol

Dylan
    $400 21
Culture Club sandwich

Erin
    $400 1
Nile

Sara
    $400 16
easy

Dylan
    $800 27
the Aleutians

Sara
    $800 12
Hungary

Sara
    $800 7
Disney World

Dylan
    $800 22
cream Puff the Magic dragon

Sara
    $800 2
Provence

Erin
    $800 17
teepee

Erin
    $1200 28
Krakatoa

Dylan
    $1200 13
badminton

Dylan
    $1200 8
Frank Lloyd Wright

Triple Stumper
    $1200 23
egg roll-on deodorant

Triple Stumper
    $1200 3
(Sara: What is Parisian?)

Paris

SaraErin
    $1200 18
essay

Erin
    $1600 29
Mount Pinatubo

Triple Stumper
    $1,000 14
(Dylan: What is figure skating?)

equestrian

Dylan
    $400 9
I.M. Pei

Dylan
    $1600 24
Peppermint Patty melt

Erin
    $1600 4
(Sara: What is Irish?)

Guernsey

Sara
Triple Stumper
    $1600 19
seedy

Sara
    $2000 30
Mount Stromboli

Triple Stumper
    $2000 15
upstream & downstream

Sara
    $2000 10
Hearst

Erin
    $2000 25
Southern Comfort food

Sara
    $2000 5
St. Petersburg

Triple Stumper
    $2000 20
any

Dylan

Scores at the end of the Double Jeopardy! Round:

Sara Dylan Erin
$13,200 $11,200 $8,800

[wagering suggestions for these scores]

Final Jeopardy! Round responses

COLLEGES & UNIVERSITIES
(Alex: Seems strange to consider a car as a mascot.)
...
(Alex: [To Sara] "I'm a Ramblin' Wreck from [*], and a heck of an engineer".)
ErinWhat is MIT
$5,000
DylanWhat is U. Michigan?
$4,001
SaraWhat is W. Michigan?
$9,201
Georgia Tech

Final scores:

Sara Dylan Erin
$3,999 $7,199 $3,800
2nd place: $2,000 New champion: $7,199 3rd place: $1,000

Game dynamics:

Coryat scores:

Sara Dylan Erin
$13,200 $13,800 $8,800
18 R,
2 W
20 R
(including 2 DDs),
2 W
(including 1 DD)
11 R,
1 W

Combined Coryat: $35,800

[game clues] [game scores] [suggest correction]

Game tape date: 2012-10-29
The J! Archive is created by fans, for fans. Scraping, republication, monetization, and malicious use prohibited; this site may use cookies and collect identifying information. See terms. The Jeopardy! game show and all elements thereof, including but not limited to copyright and trademark thereto, are the property of Jeopardy Productions, Inc. and are protected under law. This website is not affiliated with, sponsored by, or operated by Jeopardy Productions, Inc. Join the discussion at JBoard.tv.